000 00746nac a22002291u 4500
010 _a 77378180
020 _a0123418224(v. 22)
082 0 0 _a620.144
_bGLA
090 _c9062
_d9062
100 _a20080729
245 0 0 _aGlass /
_cedited by Minoru Tomozawa, Robert H. Doremus.
260 _aNew York :
_bAcademic Press,1982
_c1982
300 _a320 p. :
_bill. ;
_c24 cm.
440 0 _aTreatise on materials science and technology ;
_vv. 12, 17, 22, 26
500 _aDistributer: Al-Ahram
504 _aIncludes bibliographies and indexes.
511 _acatalogued by: wessam
650 0 _aGlass.
700 1 _aTomozawa, Minoru.
700 1 _aDoremus, R. H.
942 _cBB
_k620.144GLA
999 _c9062
_d9062